000 00345nam a2200145 i 4500
001 bgj
100 1 _aWILSON, John Dover
245 0 _aShakespeare's happy comedies /
_cJohn Dover Wilson.
250 _a[2nd impr.].
260 _aLondon,
_c1963.
040 _cBPK
041 _aeng
942 _cKS
008 s uk f |000 0 eng
999 _c47510
_d47510